=LDR 00000nam 2200000 4500 =001 INLIS000000000057718 =005 20210413103425 =035 ##$$a 0010-0321000149 =007 ta =008 210413################g##########0#ind## =082 ##$$a 304.2 =084 ##$$a 304.2 SEL s =245 ##$$a Selintas kilas anak Indonesia = Glimpses of the Indonesian child /$c Dewan Nasional Indonesia =260 ##$$a Jakarta :$b Dewan Nasional Indonesia,$c 1981 =300 ##$$a 84 hlm. : $b ilus. ; $c 30 x 21 cm. =700 #$$a Dewan Nasional Indonesia =600 #4$$a Ekologi Manusia =990 ##$$a 3198200053